| 000 | 00357 a2200169 4500 | ||
|---|---|---|---|
| 001 | 184182 | ||
| 020 | _a | ||
| 040 | _cMagnum | ||
| 100 | _aFontaine, de La | ||
| 240 | 1 | 0 |
_aAlgumas fábulas _lpor |
| 245 | 1 | 0 | _aAlgumas fábulas |
| 300 | _a31 | ||
| 362 | 0 | _a2003 | |
| 440 | 1 | _aPaulus | |
| 697 | _aLITERATURA INFANTO-JUVENIL ESTRANGEIRA | ||
| 942 | _cBK | ||
| 999 |
_c184182 _d184182 |
||